The electric heaters handbook.
Guardado en:
| Autor Corporativo: | |
|---|---|
| Formato: | Libro |
| Idioma: | English |
| Publicado: |
[Stamford, CT] :
Omega Engineering, Inc.,
c1992.
|
| Series: | OMEGA complete flow and level measurement handbook & encyclopedia ;
volume 28 |
| Materias: | |
| Etiquetas: |
Agregar Etiqueta
Sin Etiquetas, Sea el primero en etiquetar este registro!
|
| LEADER | 00847nam a22002295a 4500 | ||
|---|---|---|---|
| 001 | EIQ.libpla004090 | ||
| 008 | 080523s1992####ctua#####c####001#0#eng#d | ||
| 005 | 20170210153614.0 | ||
| 245 | 0 | 4 | |a The electric heaters handbook. |
| 260 | |a [Stamford, CT] : |b Omega Engineering, Inc., |c c1992. | ||
| 300 | |a 1 v. (en varias paginaciones) : |b il. (principalmente col.) ; |c 29 cm. | ||
| 440 | 0 | |a OMEGA complete flow and level measurement handbook & encyclopedia ; |v volume 28 | |
| 500 | |a Título tomado de la cubierta. | ||
| 500 | |a Incluye índice. | ||
| 710 | 2 | |a Omega Engineering, Inc. | |
| 246 | 1 | 8 | |a Electric heaters |
| 082 | 0 | 0 | |a 681/.2 |2 20 |
| 650 | 4 | |a Calentadores eléctricos |x Catálogos. | |
| 650 | 4 | |a Electric heaters |x Catalogs. | |
| 010 | |a 92192634 | ||
| 040 | |a DLC |c DLC |d AR-BbSID | ||
| 859 | |a AR-BbSID |b BIB. PLAPIQUI |h 660.0044 |i Om2 |p 6512 |v 28 |3 Vol. 28 | ||
